| 000 | 00756nam a22002417a 4500 | ||
|---|---|---|---|
| 005 | 20251108172759.0 | ||
| 008 | 250721s2003 xx 000 0 ara d | ||
| 082 | 1 | 4 | _aم/410.3/موس |
| 100 | 1 | _aأبو حلتم، نبيل | |
| 245 | 1 | 0 | _aموسوعة علوم اللغة العربية : قواعد ، صرف ، بلاغة ، إملاء / |
| 264 | 1 |
_aعمان : _bدار أسامة، _c2003. |
|
| 300 | _a536 ص. | ||
| 650 | 1 | 7 | _aاللغه العربيه |
| 650 | 1 | 7 | _aالبلاغه |
| 650 | 1 | 7 | _aالموسوعات |
| 650 | 1 | 7 | _aعلم الصرف |
| 650 | 1 | 7 | _aقواعد اللغه |
| 700 | 1 | _aالزين، نبيل | |
| 700 | 1 | _aالجمل، نظمي | |
| 700 | 1 | _aأبو خليل، زهدي | |
| 942 |
_2ddc _cREF |
||
| 999 |
_c88317 _d88317 |
||